[Event "Challenge"]
[Site "http://www.queenalice.com/game.php?id=17151"]
[Date "2005.6.23"]
[Round "-"]
[White "hugom"]
[Black "mario_br"]
[Result "1-0"]
[WhiteElo "1111"]
[BlackElo "1200"]

1. e4 d6 2. d4 c5 3. Be3 Qb6 4. Nc3 Na6 5. a4 Qxb2 6. Bd2 Nb4 7. Bd3 cxd4 8.
Nge2 Bg4 9. f3 Be6 10. O-O Rc8 11. Rb1 Qa3 12. Bc1 Rxc3 13. Bxa3 Rxd3 14. Qc1
Na2 15. Qb2 Rd2 16. Nxd4 g6 17. Nxe6 fxe6 18. Qxh8 Nf6 19. Rf2 Rxf2 20. Kxf2 Nc3
21. Rb4 Nd1+ 22. Ke2 Nc3+ 23. Kd2 Ncxe4+ 24. fxe4 Nxe4+ 25. Rxe4 d5 26. Rxe6 b6
27. Bb4 a5 28. Bc3 b5 29. axb5 Kd7 30. Rc6 a4 31. Qxf8 a3 32. Qh8 a2 33. Qc8#
1-0

[Event "Challenge"]
[Site "http://www.queenalice.com/game.php?id=17158"]
[Date "2005.6.23"]
[Round "-"]
[White "mario_br"]
[Black "nightsend"]
[Result "0-1"]
[WhiteElo "1221"]
[BlackElo "2112"]

1. e4 c5 2. d4 cxd4 3. Qxd4 Nc6 4. Qd1 Nf6 5. Bc4 e6 6. f4 Nxe4 7. Nc3 Nxc3 8.
bxc3 Bc5 9. Qg4 O-O 10. f5 d5 11. Bb5 Qa5 12. Bd3 Qxc3+ 13. Ke2 exf5 14. Qh4
Re8+ 15. Kf3 Ne5+ 16. Kf4 Ng6+ 17. Kg5 Qf6+ 18. Kh5 Qxh4# 0-1

[Event "AUTO-INT-20"]
[Site "http://www.queenalice.com/game.php?id=17226"]
[Date "2005.6.24"]
[Round "1"]
[White "DSMarcal"]
[Black "mario_br"]
[Result "1-0"]
[WhiteElo "988"]
[BlackElo "1160"]

1. e4 d5 2. Nc3 dxe4 3. Nxe4 f5 4. Ng5 e6 5. Bc4 h6 6. Qh5+ Kd7 7. Bb5+ c6 8.
Nf7 Qf6 9. Ba4 g6 10. Qe2 Qxf7 11. Nf3 Qf6 12. d4 Bb4+ 13. c3 b5 14. Bf4 bxa4
15. cxb4 Ba6 16. Qd2 g5 17. Be5 Qf7 18. Bxh8 g4 19. Ne5+ Ke7 20. Nxf7 Kxf7 21.
Rb1 Bc4 22. b3 axb3 23. axb3 Bd5 24. O-O h5 25. g3 Nd7 26. Rfe1 Be4 27. Rbd1 a5
28. Qg5 Ne7 29. Qxh5+ Ng6 30. Qh7+ Ke8 31. Qxg6+ Ke7 32. Qg7+ Kd8 33. Qg8+ Kc7
34. Qxa8 axb4 35. Rc1 e5 36. Rf1 exd4 37. f3 Bd3 38. Rxc6# 1-0

[Event "AUTO-INT-20"]
[Site "http://www.queenalice.com/game.php?id=17227"]
[Date "2005.6.24"]
[Round "1"]
[White "mario_br"]
[Black "DSMarcal"]
[Result "0-1"]
[WhiteElo "1126"]
[BlackElo "1065"]

1. e4 e5 2. Bc4 Nf6 3. g4 Bc5 4. g5 Nxe4 5. d3 Nxf2 6. Qf3 f6 7. gxf6 Rf8 8.
Qh5+ g6 9. Qxe5+ Be7 10. f7+ Rxf7 11. Bxf7+ Kxf7 12. Qf4+ Bf6 13. Qxf2 Kg7 14.
h4 b5 15. h5 Qe8+ 16. Be3 Bxb2 17. h6+ Kg8 18. Rh4 Bxa1 19. Rf4 Bg7 20. hxg7
Kxg7 21. Qf3 a5 22. Kf2 Nc6 23. Re4 Qd8 24. Bg5 Qxg5 25. Nh3 Qd8 26. c4 Bb7 27.
cxb5 Ne5 28. Qe3 Bxe4 29. Qxe4 d6 30. Nf4 Kf7 31. Qd5+ Kf6 32. Nc3 a4 33. d4
Ng4+ 34. Kg3 Ne3 35. Qe6+ Kg5 36. Nh3+ Kh6 37. Qxe3+ g5 38. Qe6+ Kg7 39. Nd5 h5
40. Ne7 Ra5 41. Nf5+ Kf8 42. Qh6+ Ke8 43. Qxh5+ Kd7 44. Qf7+ Kc8 45. Ne7+ Kb7
46. Nxg5 Rxb5 47. Ne6 Qh8 48. Qf3+ Kb6 49. Nd5+ Ka7 50. Ndxc7 Qg8+ 51. Qg4 Qb8
52. d5 a3 0-1

[Event "AUTO-INT-20"]
[Site "http://www.queenalice.com/game.php?id=17240"]
[Date "2005.6.24"]
[Round "1"]
[White "Jimbob"]
[Black "mario_br"]
[Result "1-0"]
[WhiteElo "1144"]
[BlackElo "1205"]

1. c4 d5 2. d4 dxc4 3. e4 f5 4. e5 Nc6 5. Nf3 Be6 6. d5 Bxd5 7. Nc3 e6 8. Nxd5
exd5 9. Be2 d4 10. Bxc4 Bb4+ 11. Bd2 Bc5 12. O-O Nb4 13. Bxb4 Bxb4 14. Qa4+ c6
15. Qxb4 b5 16. Bxg8 Rxg8 17. Nxd4 a5 18. Qc5 g6 19. Nxc6 Qd7 20. Qxb5 Rc8 21.
Rac1 g5 22. Rcd1 Qe6 23. Na7+ Kf8 24. Nxc8 Qxc8 25. Qxa5 g4 26. Rd8+ Qxd8 27.
Qxd8+ Kg7 28. Qf6# 1-0

[Event "AUTO-INT-20"]
[Site "http://www.queenalice.com/game.php?id=17241"]
[Date "2005.6.24"]
[Round "1"]
[White "mario_br"]
[Black "Jimbob"]
[Result "0-1"]
[WhiteElo "1181"]
[BlackElo "1162"]

1. d4 Nf6 2. e3 g6 3. h4 Bg7 4. f4 O-O 5. e4 d6 6. e5 Nh5 7. Ne2 Bg4 8. d5 Nxf4
9. e6 fxe6 10. dxe6 Nxe6 11. Qd5 Nc6 12. Qe4 Bf5 13. Qc4 Kh8 14. Nd2 Ned4 15. c3
Nc2+ 16. Kd1 Nxa1 17. b3 Nc2 18. Ne4 Ne3+ 19. Bxe3 d5 20. Qb5 Bxe4 21. Qxb7 Na5
22. Qb4 Nc6 23. Nd4 Nxb4 24. cxb4 e5 25. Ne6 Qf6 26. Nxc7 Rac8 27. Nb5 a6 28.
Na7 Rc7 29. h5 d4 30. Bf2 Qxf2 31. b5 Bc2+ 32. Kc1 Bxb3+ 33. Kb1 Qc2+ 34. Ka1
Qxa2# 0-1

[Event "AUTO-INT-20"]
[Site "http://www.queenalice.com/game.php?id=17250"]
[Date "2005.6.24"]
[Round "1"]
[White "mario_br"]
[Black "dipdip"]
[Result "1-0"]
[WhiteElo "1110"]
[BlackElo "1233"]

1. e4 e5 2. d4 exd4 3. Qxd4 Nc6 4. Qe3 d5 5. exd5+ Nge7 6. dxc6 bxc6 7. Bc4 Be6
8. b3 Nf5 9. Qf3 Nd4 10. Qe4 a5 11. Nf3 f5 12. Qe5 c5 13. O-O Qd7 14. Ng5 Bd6
15. Qe1 Nxc2 16. Qe2 Nxa1 17. Bxe6 Qe7 18. Bf7+ Kf8 19. Re1 Qf6 20. g4 h6 21.
Ne6+ Kxf7 22. g5 Qg6 23. Nf4 Qxg5+ 24. Ng2 f4 25. Qc4+ Kg6 26. Kf1 Rab8 27.
Nxf4+ Kf5 28. Qe4+ Kg4 29. Ne6+ Kh3 30. Nxg5+ hxg5 31. Re3+ Bg3 32. Rxg3+ 1-0

[Event "AUTO-INT-20"]
[Site "http://www.queenalice.com/game.php?id=17251"]
[Date "2005.6.24"]
[Round "1"]
[White "dipdip"]
[Black "mario_br"]
[Result "1-0"]
[WhiteElo "1339"]
[BlackElo "1108"]

1. e4 d5 2. Qf3 dxe4 3. Qxe4 f5 4. Qd5 Qxd5 5. d3 e5 6. Nc3 Qd8 7. h4 Be7 8. g3
c5 9. Bh3 f4 10. gxf4 exf4 11. Bxf4 Qb6 12. Rb1 Be6 13. Na4 Qb4+ 14. c3 Qxf4 15.
Bxe6 Qe5+ 16. Kd2 Qxe6 17. Ra1 Qh6+ 18. Ke2 Qe6+ 19. Kd2 c4 20. dxc4 b5 21. cxb5
Qd5+ 22. Kc2 Qxh1 23. a3 Qxh4 24. b4 Qxf2+ 25. Kb3 a5 26. Rc1 axb4 27. cxb4 Qe3+
28. Rc3 Qxg1 29. Rc8+ Bd8 30. b6 Qb1+ 31. Nb2 Qf5 32. b7 Qd5+ 33. Nc4 Qxb7 34.
Nd6+ Kd7 35. Nxb7 Kxc8 36. Nd6+ Kd7 37. Nf5 h5 38. Nxg7 Nf6 39. Nf5 Nc6 40. b5
Na7 41. a4 1-0

[Event "Challenge"]
[Site "http://www.queenalice.com/game.php?id=17427"]
[Date "2005.6.25"]
[Round "-"]
[White "bm2099"]
[Black "mario_br"]
[Result "1-0"]
[WhiteElo "1409"]
[BlackElo "1221"]

1. d4 b6 2. e3 c5 3. Qf3 d5 4. Bb5+ Bd7 5. Qxd5 Nc6 6. Bxc6 Bxc6 7. Qxc6+ Qd7 8.
Qxa8+ Qd8 9. Qxa7 g5 10. e4 e6 11. Nf3 f5 12. Bxg5 Nf6 13. Qa4+ Ke7 14. e5 Rg8
15. Qa7+ Ke8 16. Bxf6 Qd7 17. Qxb6 Be7 18. Nc3 Rxg2 19. Nb5 cxd4 20. Nd6+ Bxd6
21. exd6 Kf7 22. Qxd4 Rg4 23. Ne5+ Kf8 24. Nxd7+ Ke8 25. Qa7 Re4+ 26. Kd2 Kf7
27. Bg5 f4 28. Nc5+ Kg6 29. Nxe4 h6 30. Rag1 hxg5 31. Rxg5+ Kh6 32. Qg7# 1-0

[Event "Challenge"]
[Site "http://www.queenalice.com/game.php?id=17464"]
[Date "2005.6.25"]
[Round "-"]
[White "ManofBlack"]
[Black "mario_br"]
[Result "1-0"]
[WhiteElo "1370"]
[BlackElo "1135"]

1. e3 g6 2. Bc4 d5 3. Bd3 d4 4. Qf3 dxe3 5. Bc4 exd2+ 6. Bxd2 Qd4 7. Qxf7+ Kd8
8. Na3 Qe5+ 9. Ne2 Qxb2 10. Qxf8+ Kd7 11. Bb5+ c6 12. Bc3 Qxa3 13. Bxh8 Qb4+ 14.
c3 Qxb5 15. Qxg8 Qb2 16. c4 Qb4+ 17. Bc3 Qb6 18. Qxh7 c5 19. Qh3+ e6 20. Qh7+
1-0

[Event "AUTO-INT-27"]
[Site "http://www.queenalice.com/game.php?id=19914"]
[Date "2005.7.16"]
[Round "1"]
[White "OharaLiChung"]
[Black "mario_br"]
[Result "1-0"]
[WhiteElo "1166"]
[BlackElo "1128"]

1. b3 e6 2. Bb2 Bc5 3. e3 d5 4. Bxg7 f6 5. Bxh8 Ne7 6. Bxf6 Nd7 7. Qh5+ Kf8 8.
Qxh7 Nxf6 9. Qh8+ Nfg8 10. d4 Bb4+ 11. Nd2 Ng6 12. Qh6+ Kf7 13. Qh7+ Kf6 14. Bd3
N8e7 15. Nf3 c5 16. Nh4 Nxh4 17. Qxh4+ 1-0

[Event "AUTO-INT-27"]
[Site "http://www.queenalice.com/game.php?id=19915"]
[Date "2005.7.16"]
[Round "1"]
[White "mario_br"]
[Black "OharaLiChung"]
[Result "0-1"]
[WhiteElo "1128"]
[BlackElo "1180"]

1. e3 d5 2. e4 e5 3. exd5 Qxd5 4. Qe2 Bc5 5. c4 Qe6 6. Nc3 b6 7. Qf3 Qc6 8.
Qxc6+ Nxc6 9. Nb5 Bd6 10. g3 a6 11. Nxd6+ cxd6 12. f4 Bf5 13. fxe5 Be4 14. exd6
Bxh1 15. d3 O-O-O 16. Bh3+ Kb8 0-1

[Event "AUTO-INT-27"]
[Site "http://www.queenalice.com/game.php?id=19934"]
[Date "2005.7.16"]
[Round "1"]
[White "mario_br"]
[Black "arliones"]
[Result "0-1"]
[WhiteElo "1132"]
[BlackElo "1023"]

1. b3 e5 2. d4 Nc6 3. d5 Nd4 4. e3 Bb4+ 5. c3 Nxb3 6. Qxb3 Ba5 7. f4 d6 8. Qb5+
c6 9. dxc6 bxc6 10. Qxc6+ Bd7 11. Qd5 Nf6 12. Qxd6 exf4 13. Qe5+ Qe7 14. Qxa5
O-O 15. Na3 Rac8 16. h4 fxe3 17. Qxa7 Ng4 18. Nc2 Rfe8 19. h5 Rxc3 20. Bb2 Rxc2
21. Ba3 Qe6 22. h6 e2 23. Nxe2 Rxe2+ 24. Bxe2 Qxe2# 0-1

[Event "AUTO-INT-27"]
[Site "http://www.queenalice.com/game.php?id=19935"]
[Date "2005.7.16"]
[Round "1"]
[White "arliones"]
[Black "mario_br"]
[Result "1-0"]
[WhiteElo "1072"]
[BlackElo "1154"]

1. e4 d5 2. Nc3 d4 3. Na4 Qd7 4. b3 d3 5. Bxd3 b5 6. Nc5 Qd4 7. b4 Qxa1 8. Bxb5+
c6 9. Ba4 Qxa2 10. Nf3 Nd7 11. c3 Nxc5 12. Bxc6+ Kd8 13. Bxa8 Nd3+ 14. Ke2 Nf4+
15. Ke3 Nxg2+ 16. Kd4 e5+ 17. Nxe5 a5 18. Nc6+ Kc7 19. Nxa5 Qe6 20. Rg1 Nf4 21.
Nb3 Qb6+ 22. Nc5 Ne6+ 23. Kd3 Nxc5+ 24. bxc5 Qa6+ 25. Ke3 Qxa8 26. d4 f5 27. d5
Nf6 28. Qb3 Bxc5+ 29. Ke2 fxe4 30. Rxg7+ Bd7 31. Bg5 Qa6+ 32. c4 Ne8 33. Qg3+
Bd6 34. Qc3 1-0